Quiz Fast and Furious - Statistiques

Statistiques générales
  • Ce quiz a été pris 2 342 fois
  • Le résultat moyen est 8 sur 15
Statistiques - réponses
Hint Réponse % Correct
Vin Diesel Dom
99%
Paul Walker Bryan
80%
Michelle Rodriguez Letty
79%
Jordana Brewster Mia
79%
Sung Kang Han
67%
Tyrese Gibson Roman
66%
Chris Bridges Tej
56%
Dwayne Johnson Luke
52%
Gal Gadot Gisele
51%
Jason Statham Deckard
43%
Elsa Pataky Elena
37%
Matt Schulze Vince
26%
Nathalie Emmanuel Megan
16%
Noel Gugliemi Hector
15%
Sean Boswell Lucas
15%
Aucun quiz correspondant
Distribution des résultats
% des personnes avec chaque résultat
Percentile par nombre de réponses
Votre historique - résultats
Vous n’avez pas pris ce quiz